Municipalities of Bucks County, PA Quiz - Statistics

General Stats
  • This quiz has been taken 14 times
  • The average score is 24 of 72
Answer Stats
Population Municipality % Correct
62,707 Bensalem Township
83%
2,268 Newtown Borough
83%
19,895 Newtown Township
83%
8,300 Doylestown Borough
75%
17,971 Doylestown Township
75%
39,915 Northampton Township
75%
9,861 Bristol Borough
67%
54,291 Bristol Township
67%
1,643 Langhorne Borough
67%
2,612 New Hope Borough
67%
9,359 Quakertown Borough
67%
2,605 Yardley Borough
67%
20,851 Buckingham Township
58%
52,699 Levittown
58%
20,599 Lower Southampton Township
58%
25,639 Warrington Township
58%
4,253 Chalfont Borough
50%
34,716 Falls Township
50%
33,180 Lower Makefield Township
50%
2,515 Penndel Borough
50%
8,709 Solebury Township
50%
8,857 Upper Makefield Township
50%
982 Hulmeville Borough
42%
46,040 Middletown Township
42%
14,012 Plumstead Township
42%
15,269 Upper Southampton Township
42%
14,851 Warwick Township
42%
3,286 Wrightstown Township
42%
5,348 Churchville
33%
2,177 Dublin Borough
33%
3,066 Feasterville
33%
16,284 Hilltown Township
33%
955 Ivyland Borough
33%
1,496 Langhorne Manor Borough
33%
9,809 Morrisville Borough
33%
849 Riegelsville Borough
33%
3,460 Trevose
33%
2,282 Tullytown Borough
33%
10,014 Croydon
25%
1,094 Durham Township
25%
2,836 New Britain Borough
25%
12,327 New Britain Township
25%
9,120 Perkasie Borough
25%
6,378 Richboro
25%
13,837 Richland Township
25%
7,541 Bedminster Township
17%
1,234 Bridgeton Township
17%
5,819 East Rockhill Township
17%
1,137 Milford Square
17%
10,243 Milford Township
17%
3,379 Nockamixon Township
17%
1,260 Richlandtown Borough
17%
4,567 Sellersville Borough
17%
804 Silverdale Borough
17%
4,928 Telford Borough
17%
3,818 Tinicum Township
17%
1,996 Eddington
8%
9,046 Fairless Hills
8%
1,671 Spinnerstown
8%
5,175 Springfield Township
8%
3,946 Village Shires
8%
5,439 West Rockhill Township
8%
3,695 Brittany Farms-The Highlands
0%
1,251 Cornwells Heights
0%
2,200 Haycock Township
0%
5,855 Newtown Grant
0%
2,553 Plumsteadville
0%
904 Trumbauersville Borough
0%
33,603 Warminister Township
0%
3,726 Warminster Heights
0%
3,301 Woodbourne
0%
3,133 Woodside
0%
No matching quizzes found
Score Distribution
Percent of People with Each Score
Percentile by Number Answered
Your Score History
You have not taken this quiz